000 00747nam a22002057a 4500
999 _c164604
_d164604
005 20190523123157.0
010 _aB-162367
020 _a8177645919
_c00.00
035 _aB-162367
037 _bDBAD/PUB
082 _a512.5
100 _aAdhikari, M.R.
245 _aText book of linear algebra:
_bAn introduction to modern algebra/
_c M.R. Adhikari (and) Avishek Adhikari
260 _aNew Delhi
_bAllied publications pvt. ltd.
_c2004
270 _aA-104 Mayapuri, phase II,
_bnew Delhi
_e110064
300 _axiii,510p.
_c25cm.(Hbk)
500 _ait includes Bibliography and index.
942 _2ddc
_cEN
_h512.5
_mADH